000 02308nam a22002057a 4500
005 20210414113949.0
008 120530t xxu||||| |||| 00| 0 eng d
020 _a0749446315 9780749446314
050 _aHF5549.17.A766
100 _aArmstrong, Michael
245 _aA handbook of human resource management practice. /
_cMichael Armstrong
250 _a10th edition
260 _aLondon:
_bKogan Press,
_c2006.
300 _axxvi, 982 p. :
_bill.;
_c25cm.
500 _aIncludes index.
505 _aContents: Human resource management -- Human capital management -- Role of HR functions -- The Role of HR practitioner -- Role of the front-line manager -- International HRM -- Strategic HRM -- HR strategies -- Developing and implementing HR strategies -- HRM policies -- Competency-based HRM -- Knowledge management -- Analysing roles, competencies and skills -- The Nature of work -- The Employment relationship -- The Psychological contract -- Characteristics of people -- Motivation -- Organizational commitment and engagement -- How organizations function -- Organizational culture -- Organization design -- Job design and role development -- Organizational development, change and transformation -- Human resource planning -- Talent management -- Recruitment and selection -- Selection interviewing -- Selection tests -- Introduction to the organization -- Release from the organization -- The Basis of performance managemet -- The Process of performance management -- 360-degree feedback -- Strategic human resource development -- Organizational learning and the learning organization -- How people learn -- Learning and development -- E-learning -- Management development -- Formulating and implementing learning and development strategies -- Reward management -- Strategic reward -- Job evaluation -- Market rate analysis -- Grade and pay structure -- Contingent pay -- Employee benefits, pensions and allowances -- Managing reward systems -- The Framework of employee relations -- Employee relations processes -- Negotiating and bargaining -- Employee voice -- Communications -- Health and safety -- Welfare services -- Employment practices -- HRM procedures -- Computerized human resource information systems.
650 _a HRM
_x HR
650 _a Employee development.
942 _2lcc
_cBK
999 _c1020
_d8520